Quadern ofert per l'Institut Escola de la Generalitat de Catalunya als membres del VIIè Congrés de la Nova Educació : Cheltenham, juliol-agost del 1936 Cheltenham, juliol-agost del 1936
Publicado:
[s.l., s.n :
1936
Descripción Física:
[18] p. : principalment il. ; 24 cm
Materias:
Institut-Escola (Barcelona, Catalunya)
MARC
| LEADER | 00000nam a2200000Ia 4500 | ||
|---|---|---|---|
| 001 | 10933 | ||
| 008 | 160829s1936] xx 000 0 cat d | ||
| 080 | |a RF-7-49 | ||
| 110 | 2 | |a Institut-Escola (Barcelona, Catalunya) |9 55348 | |
| 245 | |a Quadern ofert per l'Institut Escola de la Generalitat de Catalunya als membres del VIIè Congrés de la Nova Educació : |b Cheltenham, juliol-agost del 1936 | ||
| 260 | |a [s.l., s.n., |c 1936] | ||
| 300 | |a [18] p. : |b principalment il. ; |c 24 cm | ||
| 610 | 2 | 0 | |9 55348 |a Institut-Escola (Barcelona, Catalunya) |
| 856 | 4 | |u https://media.diba.cat/diba/fitxers/arxiu/fulletons/bib_10933_1936_baixa.pdf |y Accés lliure | |
| 856 | 4 | |u https://media.diba.cat/diba/fitxers/arxiu/fulletons/bib_10933_1936_baixa.pdf |y Accés lliure | |
| 900 | |a bib_10933_1936_baixa.pdf | ||
| 901 | |a Arxiu | ||
| 942 | |n 1 |2 udc | ||
| 952 | |0 0 |1 0 |4 0 |6 RF749 |7 1 |9 48269 |a Arxiu |b Arxiu |d 2016-12-01 |l 0 |o RF-7-49 |p 10933 |r 2016-12-01 00:00:00 |w 2016-12-01 |y ARXIU | ||
| 999 | |c 52075 |d 52075 | ||